Normal view
MARC view
- TECHNIQUES OF GUERRILLA WARFARE.COUNTER INSURGENCY OPERATIONS
Entry Topical Term
001 - CONTROL NUMBER
- control field: 79013
003 - CONTROL NUMBER IDENTIFIER
- control field: NUST
005 - DATE AND TIME OF LATEST TRANSACTION
- control field: 20210628210328.0
008 - FIXED-LENGTH DATA ELEMENTS
- fixed length control field: 210628|| aca||aabn | a|a d
040 ## - CATALOGING SOURCE
- Original cataloging agency: NUST
- Transcribing agency: NUST
150 ## - HEADING--TOPICAL TERM
- Topical term or geographic name entry element: TECHNIQUES OF GUERRILLA WARFARE.COUNTER INSURGENCY OPERATIONS
670 ## - SOURCE DATA FOUND
- Source citation: Work cat.: (NUST): PAGET, JULIAN 49116, COUNTER INSURGENCY OPERATIONS TECHNIQUES OF GUERRILLA WARFARE, 1967
